000 00358 a2200169 4500
001 192259
020 _a978-85-915876-3-6
040 _cMagnum
100 _aSuzette, Neves
240 1 0 _aUma luz no escuro
_lpor
245 1 0 _aUma luz no escuro
300 _a192
362 0 _a2014
440 1 _aPoloprinter
697 _aLITERATURA GERAL
942 _cBK
999 _c192259
_d192259